| 000 | 00517nam a22002057a 4500 | ||
|---|---|---|---|
| 005 | 20260424155551.0 | ||
| 008 | 260424b |||||||| |||| 00| 0 eng d | ||
| 037 | _cDSWL | ||
| 040 |
_aDSWL _cDSWL |
||
| 041 | _heng | ||
| 084 | _aYX,ZF Q7 | ||
| 100 | _aPopple, Keith | ||
| 245 | _aAnalysing community work | ||
| 250 | _a2nd | ||
| 260 |
_aJaipur, _bRawat Publication, _c2017 |
||
| 300 | _a181p | ||
| 365 |
_aINR _b795 |
||
| 942 |
_2CC _cTEXL _hYX,ZF Q7 _n0 |
||
| 999 |
_c1848541 _d1848541 |
||